[Event "Campinas op 12a"]
[Site "Campinas"]
[Date "2009.12.05"]
[Round "2"]
[White "Menezes Se, Daniel"]
[Black "Cardozo, Matheus Santos"]
[Result "0-1"]
[WhiteElo "1608"]
[BlackElo "1611"]
[PlyCount "120"]
[EventDate "2009.12.04"]
[EventType "swiss"]
[EventRounds "5"]
[EventCountry "BRA"]
[SourceTitle "EXT 2012"]
[Source "ChessBase"]
[SourceDate "2011.11.24"]
[SourceVersion "1"]
[SourceVersionDate "2011.11.24"]
[SourceQuality "1"]

1. e4 c5 2. Nf3 Nc6 3. d4 cxd4 4. Nxd4 e5 5. Nb3 Nf6 6. Bd3 d5 7. exd5 Nxd5 8. 0-0 Be7 9. Bd2 0-0 10. Nc3 Ndb4 11. Be3 Nxd3 12. Qxd3 Qxd3 13. cxd3 Nb4 14. d4 Nc2 15. Rac1 Nxe3 16. fxe3 Bg5 17. Rce1 exd4 18. exd4 b6 19. Rf3 Bg4 20. Rd3 Rfe8 21. Kf2 Rxe1 22. Kxe1 Re8+ 23. Kf2 Bf5 24. Rf3 Bd7 25. g3 g6 26. h4 Bh6 27. Nd5 Bg7 28. Re3 Rd8 29. Re7 Kf8 30. Re2 Be6 31. Nc3 Bxb3 32. axb3 Bxd4+ 33. Kg2 Bxc3 34. bxc3 Rd3 35. Rc2 a5 36. Kf2 h5 37. b4 axb4 38. cxb4 Rd4 39. Rb2 b5 40. Rb3 Kg7 41. Ke3 Rg4 42. Kd2 Rc4 43. Ke2 f5 44. Kf3 Kf6 45. Rb2 g5 46. hxg5+ Kxg5 47. Rb3 Rg4 48. Rb1 Re4 49. Rb2 Rd4 50. Ke3 Rc4 51. Rb3 Kg4 52. Kf2 Rc2+ 53. Kg1 Rc4 54. Kg2 h4 55. gxh4 Kxh4 56. Kf3 f4 57. Rb1 Kg5 58. Rb2 Kf5 59. Rb3 Ke5 60. Ke2 Ke4 0-1

[Event "Campinas Labegalini Memoria 16th"]
[Site "Campinas"]
[Date "2009.09.06"]
[Round "10"]
[White "Menezes Se, Daniel"]
[Black "Dos Santos, Leonardo Augusto"]
[Result "0-1"]
[WhiteElo "1588"]
[BlackElo "1954"]
[PlyCount "88"]
[EventDate "2009.08.07"]
[EventType "tourn"]
[EventRounds "11"]
[EventCountry "BRA"]
[SourceTitle "EXT 2022"]
[Source "ChessBase"]
[SourceDate "2021.10.06"]
[SourceVersion "1"]
[SourceVersionDate "2021.10.06"]
[SourceQuality "1"]

1. e4 e6 2. d4 d5 3. Nc3 Nf6 4. Bg5 dxe4 5. Nxe4 Nbd7 6. Nf3 Be7 7. Bd3 0-0 8. Qe2 c5 9. 0-0-0 cxd4 10. Nxd4 h6 11. Bxf6 Nxf6 12. Nxf6+ Bxf6 13. Qe4 g6 14. Nf3 Qb6 15. c3 Qxf2 16. Rhf1 Qb6 17. Ne5 Bg7 18. Bc2 f5 19. Qe1 Kh7 20. Nf3 e5 21. Nxe5 Re8 22. Nc4 Rxe1 23. Nxb6 Rxd1+ 24. Rxd1 axb6 25. Rd8 b5 26. Bb3 h5 27. Be6 Bxe6 28. Rxa8 Bd5 29. g3 Bc6 30. Kd2 h4 31. Ke2 h3 32. a3 Be5 33. Kf2 f4 34. gxf4 Bxf4 35. Kg1 g5 36. Rf8 Be3+ 37. Kf1 Bg2+ 38. Ke2 Bg1 39. Rf5 g4 40. Rxb5 g3 41. hxg3 h2 42. Rh5+ Kg6 43. g4 h1Q 44. Rxh1 Bxh1 0-1

[Event "Campinas Labegalini Memoria 16th"]
[Site "Campinas"]
[Date "2009.09.05"]
[Round "8"]
[White "Menezes Se, Daniel"]
[Black "Garkauskas, Otto Dmitry"]
[Result "0-1"]
[WhiteElo "1588"]
[BlackElo "1993"]
[PlyCount "96"]
[EventDate "2009.08.07"]
[EventType "tourn"]
[EventRounds "11"]
[EventCountry "BRA"]
[SourceTitle "EXT 2022"]
[Source "ChessBase"]
[SourceDate "2021.10.06"]
[SourceVersion "1"]
[SourceVersionDate "2021.10.06"]
[SourceQuality "1"]

1. c4 e5 2. Nc3 f5 3. d3 Nf6 4. Nf3 Nc6 5. g3 Bb4 6. a3 Bxc3+ 7. bxc3 d6 8. Bg2 0-0 9. 0-0 Qe8 10. Bg5 Qh5 11. Qd2 f4 12. gxf4 Bh3 13. Bxf6 Rxf6 14. Kh1 Bxg2+ 15. Kxg2 Rxf4 16. Kh1 Raf8 17. Rg1 Ne7 18. Rg2 Nf5 19. Rag1 Rf7 20. Rg5 Qh3 21. Qe1 Rxf3 22. exf3 Qxf3+ 23. R5g2 Nh4 24. Qe3 Nxg2 25. Rxg2 Qxe3 26. fxe3 Rf1+ 27. Rg1 Rxg1+ 28. Kxg1 Kf7 29. Kg2 Kg6 30. Kg3 Kg5 31. h4+ Kf5 32. e4+ Kg6 33. Kg4 c6 34. a4 c5 35. a5 b6 36. axb6 axb6 37. h5+ Kf6 38. Kh4 g5+ 39. Kg4 h6 40. Kf3 Ke6 41. Kg4 Kd7 42. Kf5 Kc6 43. Kg4 b5 44. cxb5+ Kxb5 45. Kf5 Ka4 46. Kg4 Kb3 47. c4 Kc3 48. Kf3 Kxd3 0-1